000 01420nam a2200217 i 4500
001 162434
003 ES-MaACL
005 20250811063158.0
008 931025s1781 sp a |||| | spa d
040 _aPAB
_bspa
_cPAB
100 1 _aPonz, Antonio,
_d1725-1792
_993069
245 1 0 _aViage de España
_b: en que se da noticia de las cosas mas apreciables y dignas de saberse que hay en ella /
_csu autor D. Antonio Ponz... ; tomo decimo.
260 _aMadrid :
_bpor D. Joachin Ibarra...,
_c1781.
300 _a[2], XLV, 280 p., [2] h de grab cal , [4] h. de grab. cal. ;
_c8º (16 cm)
596 _aMarca de imp. en port.
597 _aSign.: a-c8, A-R8, S4.
599 _aLas h. de grab. calc., dos de ellas firmadas, una "I Barcelo lo grabó", retrato de Íñigo López de Mendoza, y la otra, "Rod. Sculp.s", representando el Palacio de San Ildefonso, planta de los jadines, el Álcazar de Segovia y el Acueducto de dicha ciudad.
651 4 _aSegovia (Provincia)-
_xDescripción.
_9153440
852 _aES-MaACL
_jR-468-85
_z-- Enc. piel, no original de la época
_x-- Edic.: el resto de las hh. de grab. calc. pleg.: "Planta de los jardines y palacio del Real Sitio de San Ildefonso", "Vista del acueducto de Segovia por la Plaza del Azoguejo" y otra h. de grab. calc. alegórica, común a todos los tomos, con la leyenda "Multa renascentur"
_x Olim: F-12859-76
999 _c162434
_d162434